Normal view
MARC view
Entry Personal Name
001 - CONTROL NUMBER
- control field: 47259
003 - CONTROL NUMBER IDENTIFIER
- control field: dpl
005 - DATE AND TIME OF LATEST TRANSACTION
- control field: 20120517115041.0
008 - FIXED-LENGTH DATA ELEMENTS
- fixed length control field: 120517|||a|||||| | ||| d
040 ## - CATALOGING SOURCE
- Original cataloging agency: dpl
- Transcribing agency: dpl
100 ## - HEADING--PERSONAL NAME
- Personal name: Siropolis, Nicholas
670 ## - SOURCE DATA FOUND
- Source citation: Work cat.: (dpl): Siropolis, Nicholas, Entrepreneurship and small business management /, 1998
670 ## - SOURCE DATA FOUND
- Source citation: Work cat.: (dpl): Siropolis, Nicholas, Entrepreneurship and small business management /, 1998
